| 000 | 00386pab a2200157 454500 | ||
|---|---|---|---|
| 008 | 180718b2005 xxu||||| |||| 00| 0 eng d | ||
| 100 | _aBarro, Robert J. | ||
| 245 | _aWhich countries have state religions? | ||
| 260 | _c2005 | ||
| 300 | _ap.1331-370. | ||
| 362 | _aNov | ||
| 650 | _aReligion | ||
| 700 | _aMcCleary, M. | ||
| 773 | _aQuarterly Journal of Economics | ||
| 909 | _a68707 | ||
| 999 |
_c68707 _d68707 |
||